000 01170cam a2200289 i 4500
001 xx003944066
003 NUKAT
005 20260327104529.0
008 170301s2016 pl a |000 0 pol c
020 _a9788394030421
_q(oprawa miękka)
035 _a(OCoLC)979171617
035 _a(NUKAT)xx003944066
040 _aKR U/PA
_bpol
_erda
_cKR U/PA
_dOLSZT 008/bak
245 0 0 _aWystawy indywidualne w galeriach szkolnych.
_nZ. 2 /
_credakcja, układ i skład Wojciech Lewandowski.
260 _aOlsztyn :
_bTowarzystwo Przyjaciół Sztuk Pięknych,
_c2016.
300 _a52 strony :
_bilustracje ;
_c21 cm.
336 _aTekst
_btxt
_2rdacontent
336 _aObraz
_bsti
_2rdacontent
337 _aBez urządzenia pośredniczącego
_bn
_2rdamedia
338 _aWolumin
_bnc
_2rdacarrier
500 _aOznaczenie odpowiedzialności na stronie redakcyjnej.
650 7 _aSztuka
_zPolska
_y1990-
_vwydawnictwa ilustrowane.
_2kaba
_939038
700 1 _aLewandowski, Wojciech
_d(1934- ).
_eOpracowanie
_eRedakcja
_939037
710 2 _aTowarzystwo Przyjaciół Sztuk Pięknych (Olsztyn).
_eWydawca
_4pbl
_937729
920 _a978-83-940304-2-1 (oprawa miękka)
942 _2ddc
_cBK_NM
999 _c27292
_d27292